[Event "ODJM B 2023"]
[Site "Willingen GER"]
[Date "2023.06.03"]
[Round "9"]
[White "Stiehler, Daniel"]
[Black "Morio, Estelle"]
[Result "1-0"]
[Termination "normal"]
[Board "9"]
[WhiteElo "1493"]
[BlackElo "1792"]
[WhiteClock "01:00:39"]
[BlackClock "00:14:03"]
[PlyCount "163"]
[WhiteFideId "34604863"]
[BlackFideId "12951951"]
[EventCountry "GER"]
[EventRounds "9"]
[EventType "swiss"]
[EventDate "2023.05.27"]

1. e4 {[%clk 01:30:58]} {[%emt 00:00:02]} e5 {[%clk 01:30:56]} {[%emt
00:00:05]} 2. Nf3 {[%clk 01:31:24]} {[%emt 00:00:04]} Nc6 {[%clk 01:31:23]}
{[%emt 00:00:03]} 3. Bc4 {[%clk 01:31:50]} {[%emt 00:00:04]} Bc5 {[%clk
01:31:49]} {[%emt 00:00:04]} 4. c3 {[%clk 01:32:16]} {[%emt 00:00:03]} Nf6
{[%clk 01:32:12]} {[%emt 00:00:07]} 5. d4 {[%clk 01:32:43]} {[%emt 00:00:04]}
exd4 {[%clk 01:32:34]} {[%emt 00:00:08]} 6. e5 {[%clk 01:33:07]} {[%emt
00:00:05]} d5 {[%clk 01:32:21]} {[%emt 00:00:43]} 7. Bb5 {[%clk 01:33:32]}
{[%emt 00:00:05]} Ne4 {[%clk 01:32:13]} {[%emt 00:00:38]} 8. cxd4 {[%clk
01:33:57]} {[%emt 00:00:06]} Bb4+ {[%clk 01:29:24]} {[%emt 00:03:19]} 9. Bd2
{[%clk 01:34:20]} {[%emt 00:00:06]} Bxd2+ {[%clk 01:29:40]} {[%emt 00:00:14]}
10. Nbxd2 {[%clk 01:34:42]} {[%emt 00:00:08]} Nxd2 {[%clk 01:29:44]} {[%emt
00:00:26]} 11. Qxd2 {[%clk 01:35:06]} {[%emt 00:00:06]} Bd7 {[%clk 01:23:09]}
{[%emt 00:07:04]} 12. O-O {[%clk 01:28:59]} {[%emt 00:06:38]} O-O {[%clk
01:19:40]} {[%emt 00:03:59]} 13. Bd3 {[%clk 01:20:00]} {[%emt 00:09:27]} h6
{[%clk 01:05:04]} {[%emt 00:15:08]} 14. Rac1 {[%clk 01:15:30]} {[%emt
00:04:59]} Bg4 {[%clk 01:01:02]} {[%emt 00:04:33]} 15. Be2 {[%clk 01:09:02]}
{[%emt 00:06:55]} Bxf3 {[%clk 00:57:01]} {[%emt 00:04:34]} 16. Bxf3 {[%clk
01:09:15]} {[%emt 00:00:16]} Ne7 {[%clk 00:56:48]} {[%emt 00:00:44]} 17. Rc3
{[%clk 00:58:50]} {[%emt 00:10:50]} c6 {[%clk 00:52:46]} {[%emt 00:04:37]} 18.
Bg4 {[%clk 00:54:44]} {[%emt 00:04:33]} Ng6 {[%clk 00:41:36]} {[%emt 00:11:43]}
19. g3 {[%clk 00:50:21]} {[%emt 00:04:52]} Qg5 {[%clk 00:36:41]} {[%emt
00:05:27]} 20. Qxg5 {[%clk 00:49:03]} {[%emt 00:01:48]} hxg5 {[%clk 00:37:09]}
{[%emt 00:00:02]} 21. b4 {[%clk 00:46:46]} {[%emt 00:02:46]} a6 {[%clk
00:36:19]} {[%emt 00:01:20]} 22. a4 {[%clk 00:46:47]} {[%emt 00:00:28]} Ne7
{[%clk 00:34:35]} {[%emt 00:02:15]} 23. b5 {[%clk 00:44:34]} {[%emt 00:02:42]}
axb5 {[%clk 00:34:48]} {[%emt 00:00:18]} 24. axb5 {[%clk 00:44:56]} {[%emt
00:00:08]} Ra4 {[%clk 00:34:14]} {[%emt 00:01:04]} 25. Rd1 {[%clk 00:44:48]}
{[%emt 00:00:36]} Rd8 {[%clk 00:32:43]} {[%emt 00:02:03]} 26. Rdd3 {[%clk
00:40:01]} {[%emt 00:05:15]} Rb4 {[%clk 00:30:31]} {[%emt 00:02:45]} 27. Rb3
{[%clk 00:38:58]} {[%emt 00:01:31]} Rxb5 {[%clk 00:26:36]} {[%emt 00:04:26]}
28. Rxb5 {[%clk 00:39:01]} {[%emt 00:00:28]} cxb5 {[%clk 00:27:04]} {[%emt
00:00:02]} 29. Rb3 {[%clk 00:38:50]} {[%emt 00:00:38]} Nc6 {[%clk 00:27:07]}
{[%emt 00:00:29]} 30. Rxb5 {[%clk 00:38:26]} {[%emt 00:00:55]} Nxd4 {[%clk
00:27:11]} {[%emt 00:00:25]} 31. Rxb7 {[%clk 00:38:32]} {[%emt 00:00:24]} Ne6
{[%clk 00:25:09]} {[%emt 00:02:32]} 32. Bxe6 {[%clk 00:36:58]} {[%emt
00:02:04]} fxe6 {[%clk 00:25:34]} {[%emt 00:00:06]} 33. Re7 {[%clk 00:37:13]}
{[%emt 00:00:15]} d4 {[%clk 00:22:00]} {[%emt 00:04:04]} 34. Kf1 {[%clk
00:37:36]} {[%emt 00:00:07]} d3 {[%clk 00:20:51]} {[%emt 00:01:38]} 35. Ke1
{[%clk 00:38:02]} {[%emt 00:00:04]} Rd5 {[%clk 00:20:29]} {[%emt 00:00:52]} 36.
Rxe6 {[%clk 00:36:11]} {[%emt 00:02:21]} Kf7 {[%clk 00:20:49]} {[%emt
00:00:10]} 37. Rd6 {[%clk 00:35:25]} {[%emt 00:01:13]} Rxe5+ {[%clk 00:19:40]}
{[%emt 00:01:42]} 38. Kf1 {[%clk 00:34:35]} {[%emt 00:01:18]} Rf5 {[%clk
00:17:21]} {[%emt 00:02:51]} 39. Rxd3 {[%clk 00:34:25]} {[%emt 00:00:40]} Kg6
{[%clk 00:16:46]} {[%emt 00:01:05]} 40. Kg2 {[%clk 00:32:22]} {[%emt 00:02:31]}
g4 {[%clk 00:16:16]} {[%emt 00:01:02]} 41. Rd2 {[%clk 00:32:38]} {[%emt
00:00:12]} Kh6 {[%clk 00:10:46]} {[%emt 00:06:02]} 42. h3 {[%clk 00:32:25]}
{[%emt 00:00:40]} gxh3+ {[%clk 00:11:05]} {[%emt 00:00:14]} 43. Kxh3 {[%clk
00:32:53]} {[%emt 00:00:02]} Kg6 {[%clk 00:07:55]} {[%emt 00:03:41]} 44. Rd6+
{[%clk 00:32:26]} {[%emt 00:00:56]} Kf7 {[%clk 00:08:10]} {[%emt 00:00:15]} 45.
f4 {[%clk 00:32:31]} {[%emt 00:00:24]} Ke7 {[%clk 00:06:00]} {[%emt 00:02:41]}
46. Ra6 {[%clk 00:32:03]} {[%emt 00:00:56]} Kf7 {[%clk 00:05:58]} {[%emt
00:00:34]} 47. Kg4 {[%clk 00:32:07]} {[%emt 00:00:19]} g6 {[%clk 00:05:12]}
{[%emt 00:01:23]} 48. Kf3 {[%clk 00:31:49]} {[%emt 00:00:46]} Rb5 {[%clk
00:05:20]} {[%emt 00:00:24]} 49. g4 {[%clk 00:29:33]} {[%emt 00:02:40]} Rb3+
{[%clk 00:03:46]} {[%emt 00:02:10]} 50. Kg2 {[%clk 00:29:52]} {[%emt 00:00:11]}
Rc3 {[%clk 00:02:06]} {[%emt 00:02:10]} 51. g5 {[%clk 00:29:41]} {[%emt
00:00:36]} Rb3 {[%clk 00:00:54]} {[%emt 00:01:47]} 52. Rf6+ {[%clk 00:30:03]}
{[%emt 00:00:07]} Kg7 {[%clk 00:01:17]} {[%emt 00:00:09]} 53. Re6 {[%clk
00:30:28]} {[%emt 00:00:03]} Kf7 {[%clk 00:00:33]} {[%emt 00:01:15]} 54. Re4
{[%clk 00:30:39]} {[%emt 00:00:19]} Ra3 {[%clk 00:30:08]} {[%emt 00:00:55]} 55.
Kf2 {[%clk 01:01:04]} {[%emt 00:00:05]} Rb3 {[%clk 00:29:36]} {[%emt 00:01:02]}
56. Re3 {[%clk 01:01:22]} {[%emt 00:00:11]} Rb5 {[%clk 00:24:38]} {[%emt
00:05:29]} 57. Kf3 {[%clk 01:01:20]} {[%emt 00:00:32]} Ra5 {[%clk 00:24:56]}
{[%emt 00:00:13]} 58. Rd3 {[%clk 01:01:19]} {[%emt 00:00:28]} Rb5 {[%clk
00:24:37]} {[%emt 00:00:51]} 59. Ke4 {[%clk 01:00:51]} {[%emt 00:00:54]} Ke6
{[%clk 00:23:47]} {[%emt 00:01:24]} 60. Rd4 {[%clk 01:00:50]} {[%emt 00:00:23]}
Ra5 {[%clk 00:23:44]} {[%emt 00:00:41]} 61. Rb4 {[%clk 01:00:47]} {[%emt
00:00:31]} Rc5 {[%clk 00:23:27]} {[%emt 00:00:49]} 62. Rb7 {[%clk 01:00:32]}
{[%emt 00:00:44]} Rc4+ {[%clk 00:22:50]} {[%emt 00:01:08]} 63. Kf3 {[%clk
01:00:53]} {[%emt 00:00:08]} Rc6 {[%clk 00:21:55]} {[%emt 00:01:26]} 64. Rg7
{[%clk 01:01:12]} {[%emt 00:00:11]} Kd5 {[%clk 00:21:29]} {[%emt 00:00:56]} 65.
Kg4 {[%clk 01:01:20]} {[%emt 00:00:17]} Re6 {[%clk 00:18:31]} {[%emt 00:03:33]}
66. Rf7 {[%clk 01:00:35]} {[%emt 00:01:13]} Kd6 {[%clk 00:17:58]} {[%emt
00:01:05]} 67. f5 {[%clk 00:57:34]} {[%emt 00:03:31]} Re4+ {[%clk 00:17:46]}
{[%emt 00:00:42]} 68. Kg3 {[%clk 00:57:35]} {[%emt 00:00:29]} gxf5 {[%clk
00:17:27]} {[%emt 00:00:49]} 69. Rxf5 {[%clk 00:57:54]} {[%emt 00:00:11]} Re6
{[%clk 00:17:46]} {[%emt 00:00:11]} 70. Kg4 {[%clk 00:58:10]} {[%emt 00:00:13]}
Rg6 {[%clk 00:16:00]} {[%emt 00:02:17]} 71. Kh5 {[%clk 00:58:32]} {[%emt
00:00:08]} Rg8 {[%clk 00:16:24]} {[%emt 00:00:06]} 72. Kh6 {[%clk 00:58:34]}
{[%emt 00:00:28]} Ke6 {[%clk 00:16:20]} {[%emt 00:00:33]} 73. Rf1 {[%clk
00:58:40]} {[%emt 00:00:21]} Rh8 {[%clk 00:14:59]} {[%emt 00:01:55]} 74. Kg7
{[%clk 00:59:02]} {[%emt 00:00:07]} Rh5 {[%clk 00:14:02]} {[%emt 00:01:28]} 75.
g6 {[%clk 00:59:17]} {[%emt 00:00:14]} Ke7 {[%clk 00:14:02]} {[%emt 00:00:31]}
76. Re1+ {[%clk 00:59:28]} {[%emt 00:00:18]} Kd6 {[%clk 00:14:03]} {[%emt
00:00:30]} 77. Kg8 {[%clk 00:59:39]} {[%emt 00:00:18]} Rg5 {[%clk 00:14:10]}
{[%emt 00:00:24]} 78. g7 {[%clk 01:00:02]} {[%emt 00:00:06]} Rg2 {[%clk
00:14:05]} {[%emt 00:00:36]} 79. Re4 {[%clk 01:00:22]} {[%emt 00:00:09]} Kd5
{[%clk 00:14:11]} {[%emt 00:00:25]} 80. Rh4 {[%clk 01:00:29]} {[%emt 00:00:21]}
Ke6 {[%clk 00:14:00]} {[%emt 00:00:42]} 81. Kh8 {[%clk 01:00:19]} {[%emt
00:00:37]} Kf7 {[%clk 00:14:03]} {[%emt 00:00:31]} 82. Rf4+ {[%clk 01:00:39]}
{[%emt 00:00:09]} 1-0

[Event "ODJM B 2023"]
[Site "Willingen GER"]
[Date "2023.06.03"]
[Round "9"]
[White "Vollmar, Timo"]
[Black "Kanno, Clara Yumi"]
[Result "1-0"]
[Termination "normal"]
[Board "10"]
[WhiteElo "1817"]
[BlackElo "1358"]
[WhiteClock "00:37:18"]
[BlackClock "00:08:32"]
[PlyCount "81"]
[WhiteFideId "16253582"]
[BlackFideId "16259661"]
[EventCountry "GER"]
[EventRounds "9"]
[EventType "swiss"]
[EventDate "2023.05.27"]

1. e4 {[%clk 01:30:57]} {[%emt 00:00:03]} e6 {[%clk 01:30:51]} {[%emt
00:00:10]} 2. d4 {[%clk 01:31:19]} {[%emt 00:00:08]} d5 {[%clk 01:31:17]}
{[%emt 00:00:03]} 3. Bd3 {[%clk 01:31:23]} {[%emt 00:00:27]} dxe4 {[%emt
00:00:41]} 4. Bxe4 {[%clk 01:31:45]} {[%emt 00:00:01]} Nf6 {[%clk 01:31:30]}
{[%emt 00:00:13]} 5. Bf3 {[%clk 01:32:03]} {[%emt 00:00:12]} c5 {[%clk
01:30:41]} {[%emt 00:01:19]} 6. Ne2 {[%emt 00:00:59]} Nc6 {[%clk 01:30:12]}
{[%emt 00:00:56]} 7. Be3 {[%clk 01:31:41]} {[%emt 00:00:26]} cxd4 {[%clk
01:29:10]} {[%emt 00:01:33]} 8. Nxd4 {[%clk 01:30:07]} {[%emt 00:02:03]} Ne5
{[%clk 01:28:57]} {[%emt 00:00:43]} 9. Nc3 {[%clk 01:27:31]} {[%emt 00:03:07]}
Bb4 {[%clk 01:15:31]} {[%emt 00:13:55]} 10. O-O {[%clk 01:23:55]} {[%emt
00:04:06]} Bxc3 {[%clk 01:12:37]} {[%emt 00:03:24]} 11. bxc3 {[%clk 01:24:16]}
{[%emt 00:00:09]} Nxf3+ {[%clk 01:04:45]} {[%emt 00:08:22]} 12. Qxf3 {[%clk
01:24:33]} {[%emt 00:00:13]} Qd5 {[%clk 01:03:48]} {[%emt 00:01:25]} 13. Qg3
{[%clk 01:19:04]} {[%emt 00:05:55]} Rg8 {[%clk 00:57:21]} {[%emt 00:07:03]} 14.
Qc7 {[%clk 01:15:13]} {[%emt 00:04:20]} Qd7 {[%clk 00:54:28]} {[%emt 00:03:21]}
15. Qc5 {[%clk 01:13:42]} {[%emt 00:02:01]} b6 {[%clk 00:51:49]} {[%emt
00:03:12]} 16. Qa3 {[%clk 01:10:11]} {[%emt 00:04:00]} Qe7 {[%clk 00:48:18]}
{[%emt 00:04:00]} 17. Qa4+ {[%clk 01:06:28]} {[%emt 00:04:15]} Bd7 {[%clk
00:42:57]} {[%emt 00:05:50]} 18. Qa6 {[%clk 01:05:53]} {[%emt 00:01:06]} Nd5
{[%clk 00:38:04]} {[%emt 00:05:20]} 19. Rfe1 {[%clk 01:04:39]} {[%emt
00:01:47]} f6 {[%clk 00:34:08]} {[%emt 00:04:26]} 20. Nf5 {[%clk 00:58:40]}
{[%emt 00:06:29]} Qd8 {[%clk 00:31:12]} {[%emt 00:02:56]} 21. Nd6+ {[%clk
00:56:41]} {[%emt 00:02:58]} Kf8 {[%clk 00:30:04]} {[%emt 00:01:30]} 22. Qa3
{[%clk 00:56:42]} {[%emt 00:00:37]} Qe7 {[%clk 00:29:10]} {[%emt 00:01:22]} 23.
Bd2 {[%clk 00:56:58]} {[%emt 00:00:16]} Nc7 {[%clk 00:27:15]} {[%emt 00:02:23]}
24. c4 {[%clk 00:56:07]} {[%emt 00:01:24]} a5 {[%clk 00:26:38]} {[%emt
00:01:08]} 25. Be3 {[%clk 00:55:15]} {[%emt 00:01:21]} Ne8 {[%clk 00:20:35]}
{[%emt 00:06:32]} 26. Bxb6 {[%clk 00:55:08]} {[%emt 00:00:37]} Nxd6 {[%clk
00:19:48]} {[%emt 00:01:18]} 27. Bc5 {[%clk 00:55:16]} {[%emt 00:00:22]} Kf7
{[%clk 00:19:13]} {[%emt 00:01:05]} 28. Bxd6 {[%clk 00:54:19]} {[%emt
00:01:27]} Qd8 {[%clk 00:19:21]} {[%emt 00:00:19]} 29. Rab1 {[%clk 00:54:34]}
{[%emt 00:00:18]} Bc6 {[%clk 00:19:23]} {[%emt 00:00:27]} 30. c5 {[%clk
00:52:11]} {[%emt 00:02:52]} Ra6 {[%clk 00:19:23]} {[%emt 00:00:31]} 31. Qh3
{[%clk 00:48:21]} {[%emt 00:04:21]} f5 {[%clk 00:17:37]} {[%emt 00:02:16]} 32.
Re5 {[%clk 00:42:44]} {[%emt 00:06:06]} Qg5 {[%clk 00:16:42]} {[%emt 00:01:24]}
33. Qg3 {[%clk 00:40:09]} {[%emt 00:03:07]} Qd2 {[%clk 00:16:11]} {[%emt
00:00:59]} 34. Qd3 {[%clk 00:40:15]} {[%emt 00:00:25]} Qg5 {[%clk 00:16:03]}
{[%emt 00:00:37]} 35. g3 {[%clk 00:40:29]} {[%emt 00:00:18]} Rga8 {[%clk
00:16:04]} {[%emt 00:00:29]} 36. Rbe1 {[%clk 00:39:19]} {[%emt 00:01:39]} Qg4
{[%clk 00:15:51]} {[%emt 00:00:44]} 37. Rxe6 {[%clk 00:38:25]} {[%emt
00:01:23]} Be4 {[%clk 00:15:33]} {[%emt 00:00:48]} 38. Qb3 {[%clk 00:37:00]}
{[%emt 00:01:56]} Rg8 {[%clk 00:08:25]} {[%emt 00:07:37]} 39. Re7+ {[%clk
00:37:07]} {[%emt 00:00:24]} Kf6 {[%clk 00:08:14]} {[%emt 00:00:41]} 40. Qf7+
{[%clk 00:36:53]} {[%emt 00:00:43]} Kg5 {[%clk 00:08:32]} {[%emt 00:00:11]} 41.
Bf4+ {[%clk 00:37:18]} {[%emt 00:00:07]} 1-0

[Event "ODJM B 2023"]
[Site "Willingen GER"]
[Date "2023.06.03"]
[Round "9"]
[White "Götz, Timon"]
[Black "Laag, Pascal"]
[Result "1-0"]
[Termination "normal"]
[Board "11"]
[WhiteElo "1570"]
[BlackElo "1642"]
[WhiteClock "01:05:14"]
[BlackClock "01:11:09"]
[PlyCount "55"]
[WhiteFideId "16245040"]
[BlackFideId "16256069"]
[EventCountry "GER"]
[EventRounds "9"]
[EventType "swiss"]
[EventDate "2023.05.27"]

1. c4 {[%clk 01:30:55]} {[%emt 00:00:04]} c5 {[%clk 01:30:53]} {[%emt
00:00:07]} 2. g3 {[%clk 01:31:19]} {[%emt 00:00:06]} Nf6 {[%clk 01:31:18]}
{[%emt 00:00:06]} 3. Bg2 {[%clk 01:31:23]} {[%emt 00:00:25]} d5 {[%clk
01:31:37]} {[%emt 00:00:11]} 4. cxd5 {[%clk 01:31:43]} {[%emt 00:00:10]} Nxd5
{[%clk 01:32:01]} {[%emt 00:00:06]} 5. Nc3 {[%clk 01:32:03]} {[%emt 00:00:10]}
Nc7 {[%clk 01:32:27]} {[%emt 00:00:04]} 6. Nf3 {[%clk 01:32:20]} {[%emt
00:00:13]} Nc6 {[%clk 01:32:52]} {[%emt 00:00:06]} 7. O-O {[%clk 01:32:31]}
{[%emt 00:00:18]} e5 {[%clk 01:33:18]} {[%emt 00:00:04]} 8. a3 {[%clk
01:32:48]} {[%emt 00:00:13]} Be7 {[%clk 01:33:24]} {[%emt 00:00:25]} 9. b4
{[%clk 01:32:17]} {[%emt 00:01:01]} cxb4 {[%clk 01:32:43]} {[%emt 00:01:11]}
10. axb4 {[%clk 01:32:38]} {[%emt 00:00:09]} Bxb4 {[%clk 01:29:47]} {[%emt
00:03:26]} 11. Nxe5 {[%clk 01:33:01]} {[%emt 00:00:07]} Nxe5 {[%clk 01:28:04]}
{[%emt 00:02:13]} 12. Qa4+ {[%clk 01:33:22]} {[%emt 00:00:08]} Nc6 {[%clk
01:28:26]} {[%emt 00:00:08]} 13. Bxc6+ {[%clk 01:33:47]} {[%emt 00:00:06]} bxc6
{[%clk 01:28:49]} {[%emt 00:00:07]} 14. Qxb4 {[%clk 01:34:12]} {[%emt
00:00:05]} Qe7 {[%clk 01:28:57]} {[%emt 00:00:22]} 15. Qxe7+ {[%clk 01:34:15]}
{[%emt 00:00:27]} Kxe7 {[%clk 01:29:22]} {[%emt 00:00:05]} 16. Ba3+ {[%clk
01:34:34]} {[%emt 00:00:10]} Kd7 {[%clk 01:29:26]} {[%emt 00:00:26]} 17. Rac1
{[%clk 01:32:16]} {[%emt 00:02:48]} Re8 {[%clk 01:28:54]} {[%emt 00:01:02]} 18.
Rc2 {[%clk 01:31:50]} {[%emt 00:00:56]} Rb8 {[%clk 01:27:28]} {[%emt 00:01:57]}
19. Rfc1 {[%clk 01:30:43]} {[%emt 00:01:36]} Ne6 {[%clk 01:25:59]} {[%emt
00:01:59]} 20. e3 {[%clk 01:27:10]} {[%emt 00:04:03]} f5 {[%clk 01:25:08]}
{[%emt 00:01:22]} 21. d4 {[%clk 01:26:04]} {[%emt 00:01:36]} Rb3 {[%clk
01:24:35]} {[%emt 00:01:03]} 22. Ra1 {[%clk 01:24:23]} {[%emt 00:02:11]} Bb7
{[%clk 01:18:47]} {[%emt 00:06:18]} 23. Na4 {[%clk 01:23:30]} {[%emt 00:01:22]}
Ra8 {[%clk 01:17:35]} {[%emt 00:01:43]} 24. Bc5 {[%clk 01:16:15]} {[%emt
00:07:44]} Ba6 {[%clk 01:11:25]} {[%emt 00:06:41]} 25. Nb2 {[%clk 01:07:15]}
{[%emt 00:09:29]} Nxc5 {[%clk 01:11:04]} {[%emt 00:00:51]} 26. Rxc5 {[%clk
01:06:59]} {[%emt 00:00:46]} Rxb2 {[%clk 01:11:15]} {[%emt 00:00:19]} 27. Rxa6
{[%clk 01:07:19]} {[%emt 00:00:10]} Rb5 {[%clk 01:11:09]} {[%emt 00:00:36]} 28.
Rcxc6 {[%clk 01:05:14]} {[%emt 00:02:35]} 1-0

[Event "ODJM B 2023"]
[Site "Willingen GER"]
[Date "2023.06.03"]
[Round "9"]
[White "Stülcken, Philipp"]
[Black "Hepp, Daniel"]
[Result "1-0"]
[Termination "normal"]
[Board "12"]
[WhiteElo "1617"]
[BlackElo "1442"]
[WhiteClock "00:29:12"]
[BlackClock "01:06:01"]
[PlyCount "89"]
[WhiteFideId "12986232"]
[BlackFideId "34608567"]
[EventCountry "GER"]
[EventRounds "9"]
[EventType "swiss"]
[EventDate "2023.05.27"]

1. e4 {[%clk 01:30:51]} {[%emt 00:00:07]} c5 {[%clk 01:30:56]} {[%emt
00:00:04]} 2. Nf3 {[%clk 01:31:16]} {[%emt 00:00:06]} Nc6 {[%clk 01:31:16]}
{[%emt 00:00:10]} 3. c4 {[%clk 01:31:38]} {[%emt 00:00:08]} g6 {[%clk
01:31:07]} {[%emt 00:00:39]} 4. d4 {[%clk 01:31:59]} {[%emt 00:00:09]} cxd4
{[%clk 01:31:15]} {[%emt 00:00:22]} 5. Nxd4 {[%clk 01:32:24]} {[%emt 00:00:06]}
Bg7 {[%clk 01:31:21]} {[%emt 00:00:23]} 6. Be3 {[%clk 01:32:47]} {[%emt
00:00:07]} d6 {[%clk 01:30:58]} {[%emt 00:00:53]} 7. Nc3 {[%clk 01:32:48]}
{[%emt 00:00:29]} Nf6 {[%clk 01:31:03]} {[%emt 00:00:25]} 8. Be2 {[%clk
01:32:56]} {[%emt 00:00:23]} O-O {[%clk 01:25:23]} {[%emt 00:06:09]} 9. O-O
{[%clk 01:33:12]} {[%emt 00:00:14]} Ng4 {[%clk 01:23:25]} {[%emt 00:02:29]} 10.
Bxg4 {[%clk 01:25:38]} {[%emt 00:08:03]} Bxg4 {[%clk 01:23:40]} {[%emt
00:00:14]} 11. Nxc6 {[%clk 01:25:29]} {[%emt 00:00:40]} Bxd1 {[%clk 01:22:29]}
{[%emt 00:01:41]} 12. Nxd8 {[%clk 01:25:52]} {[%emt 00:00:07]} Bxc3 {[%clk
01:22:31]} {[%emt 00:00:28]} 13. Rfxd1 {[%clk 01:18:40]} {[%emt 00:07:42]} Ba5
{[%clk 01:21:16]} {[%emt 00:01:45]} 14. Nxb7 {[%clk 01:18:58]} {[%emt
00:00:12]} Bb6 {[%clk 01:21:25]} {[%emt 00:00:21]} 15. Bxb6 {[%clk 01:19:16]}
{[%emt 00:00:13]} axb6 {[%clk 01:21:44]} {[%emt 00:00:10]} 16. Nxd6 {[%clk
01:19:23]} {[%emt 00:00:23]} exd6 {[%clk 01:21:33]} {[%emt 00:00:41]} 17. Rxd6
{[%emt 00:00:46]} Rfc8 {[%clk 01:21:26]} 18. b3 {[%clk 01:16:14]} {[%emt
00:04:00]} b5 {[%clk 01:20:30]} {[%emt 00:01:27]} 19. Rd4 {[%clk 01:12:38]}
{[%emt 00:04:05]} bxc4 {[%clk 01:17:02]} {[%emt 00:03:58]} 20. Rxc4 {[%clk
01:05:42]} {[%emt 00:07:26]} Rxc4 {[%clk 01:15:45]} {[%emt 00:01:47]} 21. bxc4
{[%clk 01:06:08]} {[%emt 00:00:04]} Ra4 {[%clk 01:16:10]} {[%emt 00:00:05]} 22.
Rc1 {[%clk 01:05:57]} {[%emt 00:00:41]} Rxa2 {[%clk 01:16:27]} {[%emt
00:00:12]} 23. c5 {[%clk 01:03:11]} {[%emt 00:03:18]} Ra7 {[%clk 01:16:26]}
{[%emt 00:00:31]} 24. f3 {[%clk 01:02:57]} {[%emt 00:00:43]} Kf8 {[%clk
01:15:28]} {[%emt 00:01:28]} 25. Kf2 {[%clk 01:03:00]} {[%emt 00:00:27]} Ke7
{[%clk 01:14:38]} {[%emt 00:04:30]} 26. h4 Ra2+ {[%clk 01:13:53]} {[%emt
00:01:28]} 27. Kg3 Kd7 {[%clk 01:13:34]} {[%emt 00:03:55]} 28. Kh3 Kc6 {[%clk
01:13:16]} {[%emt 00:02:37]} 29. g4 Ra5 {[%clk 01:13:13]} {[%emt 00:06:27]} 30.
g5 {[%clk 00:51:11]} Rxc5 {[%clk 01:13:13]} 31. Rxc5+ {[%clk 00:51:11]} {[%emt
00:01:07]} Kxc5 {[%clk 01:13:40]} {[%emt 00:00:31]} 32. Kg4 Kd6 {[%clk
01:12:20]} {[%emt 00:09:36]} 33. f4 Ke6 {[%clk 01:10:47]} {[%emt 00:02:17]} 34.
h5 Kd6 {[%clk 01:10:52]} {[%emt 00:03:41]} 35. hxg6 hxg6 {[%clk 01:09:24]}
{[%emt 00:01:48]} 36. Kf3 Kd7 {[%clk 01:09:48]} {[%emt 00:02:26]} 37. Ke3 Ke7
{[%clk 01:10:04]} {[%emt 00:00:51]} 38. Kd4 {[%clk 00:40:11]} Kd6 39. f5 {[%clk
00:40:09]} gxf5 {[%clk 01:10:04]} 40. exf5 {[%clk 00:40:35]} {[%emt 00:06:05]}
Ke7 {[%emt 00:03:21]} 41. Ke4 {[%emt 00:01:12]} Ke8 {[%clk 01:05:23]} {[%emt
00:00:04]} 42. Ke5 {[%clk 00:29:12]} {[%emt 00:08:58]} Ke7 {[%emt 00:01:12]}
43. g6 {[%emt 00:00:32]} fxg6 {[%clk 01:05:34]} 44. fxg6 {[%emt 00:00:14]} Kf8
{[%clk 01:06:01]} {[%emt 00:00:01]} 45. Kf6 {[%clk 00:29:12]} 1-0

[Event "ODJM B 2023"]
[Site "Willingen GER"]
[Date "2023.06.03"]
[Round "9"]
[White "Kutz, Ida Klara"]
[Black "Kuhlmann, Nils Magnus"]
[Result "0-1"]
[Termination "normal"]
[Board "14"]
[WhiteElo "1411"]
[BlackElo "1553"]
[WhiteClock "00:11:54"]
[BlackClock "00:25:11"]
[PlyCount "50"]
[WhiteFideId "16296257"]
[BlackFideId "16287177"]
[EventCountry "GER"]
[EventRounds "9"]
[EventType "swiss"]
[EventDate "2023.05.27"]

1. Nf3 {[%clk 01:30:53]} {[%emt 00:00:06]} g6 {[%clk 01:30:10]} {[%emt
00:00:51]} 2. g3 {[%clk 01:30:30]} {[%emt 00:00:52]} Bg7 {[%clk 01:29:14]}
{[%emt 00:01:27]} 3. Bg2 {[%clk 01:30:13]} {[%emt 00:00:47]} d5 {[%clk
01:28:29]} {[%emt 00:01:16]} 4. O-O {[%clk 01:30:09]} {[%emt 00:00:33]} e5
{[%clk 01:28:36]} {[%emt 00:00:24]} 5. c4 {[%clk 01:28:56]} {[%emt 00:01:42]}
c6 {[%clk 01:28:25]} {[%emt 00:00:40]} 6. cxd5 {[%clk 01:29:02]} {[%emt
00:00:25]} cxd5 {[%clk 01:28:46]} {[%emt 00:00:09]} 7. d4 {[%clk 01:28:02]}
{[%emt 00:01:29]} e4 {[%clk 01:26:58]} {[%emt 00:02:19]} 8. Ng5 {[%clk
01:26:07]} {[%emt 00:02:24]} Nc6 {[%clk 01:22:07]} {[%emt 00:05:22]} 9. Nh3
{[%clk 01:18:33]} {[%emt 00:08:04]} Bxd4 {[%clk 01:09:17]} {[%emt 00:13:21]}
10. Nf4 {[%clk 01:13:03]} {[%emt 00:06:00]} Nge7 {[%clk 01:06:45]} {[%emt
00:03:02]} 11. Nc3 {[%clk 01:09:56]} {[%emt 00:03:36]} Be6 {[%clk 01:01:59]}
{[%emt 00:05:16]} 12. Nxe6 {[%clk 01:00:49]} {[%emt 00:09:37]} fxe6 {[%clk
01:02:19]} {[%emt 00:00:09]} 13. Nb5 {[%clk 00:54:54]} {[%emt 00:06:26]} Be5
{[%clk 00:58:29]} {[%emt 00:04:20]} 14. Rb1 {[%clk 00:47:48]} {[%emt 00:07:37]}
Nf5 {[%clk 00:51:52]} {[%emt 00:07:06]} 15. Nc3 {[%clk 00:35:36]} {[%emt
00:12:41]} h5 {[%clk 00:47:04]} {[%emt 00:05:19]} 16. e3 {[%clk 00:26:54]}
{[%emt 00:09:12]} h4 {[%clk 00:46:22]} {[%emt 00:01:12]} 17. Qg4 {[%clk
00:24:43]} {[%emt 00:02:41]} Kf7 {[%clk 00:46:39]} {[%emt 00:00:13]} 18. f3
{[%clk 00:21:25]} {[%emt 00:03:48]} hxg3 {[%clk 00:46:29]} {[%emt 00:00:41]}
19. hxg3 {[%clk 00:20:43]} {[%emt 00:01:11]} Nxg3 {[%clk 00:42:05]} {[%emt
00:04:54]} 20. fxe4+ {[%clk 00:19:49]} {[%emt 00:01:24]} Nxf1 {[%clk 00:42:17]}
{[%emt 00:00:17]} 21. Bxf1 {[%clk 00:19:00]} {[%emt 00:01:20]} dxe4 {[%clk
00:35:00]} {[%emt 00:07:48]} 22. Nxe4 {[%clk 00:17:01]} {[%emt 00:02:28]} Ke7
{[%clk 00:26:37]} {[%emt 00:08:53]} 23. Bh3 {[%clk 00:13:04]} {[%emt 00:04:26]}
Rxh3 {[%clk 00:24:51]} {[%emt 00:02:17]} 24. Qxh3 {[%clk 00:12:55]} {[%emt
00:00:39]} Qd1+ {[%clk 00:25:06]} {[%emt 00:00:14]} 25. Kg2 {[%clk 00:11:54]}
{[%emt 00:01:31]} Rh8 {[%clk 00:25:11]} {[%emt 00:00:26]} 0-1